MARC details
| 000 -LEADER |
| fixed length control field |
04705cam a2200529 a 4500 |
| 001 - CONTROL NUMBER |
| control field |
1516022 |
| 003 - CONTROL NUMBER IDENTIFIER |
| control field |
ARRUPE |
| 005 - DATE AND TIME OF LATEST TRANSACTION |
| control field |
20191016105237.0 |
| 008 - FIXED-LENGTH DATA ELEMENTS--GENERAL INFORMATION |
| fixed length control field |
890717m19889999onc b 001 0 eng |
| 010 ## - LIBRARY OF CONGRESS CONTROL NUMBER |
| LC control number |
89163374 |
| 020 ## - INTERNATIONAL STANDARD BOOK NUMBER |
| International Standard Book Number |
0802034543 (v. 3) : |
| Terms of availability |
$95.00 |
| 020 ## - INTERNATIONAL STANDARD BOOK NUMBER |
| International Standard Book Number |
0802034551 (pbk. : v. 3) : |
| Terms of availability |
$35.00 |
| 020 ## - INTERNATIONAL STANDARD BOOK NUMBER |
| International Standard Book Number |
0802034381 (v. 4) |
| 020 ## - INTERNATIONAL STANDARD BOOK NUMBER |
| International Standard Book Number |
9780802099679 (v. 11 : alk. paper) |
| 020 ## - INTERNATIONAL STANDARD BOOK NUMBER |
| International Standard Book Number |
9781442640863 (v. 11 : alk. paper) |
| 020 ## - INTERNATIONAL STANDARD BOOK NUMBER |
| International Standard Book Number |
9781487500672 (v. 13 : alk. paper) |
| 020 ## - INTERNATIONAL STANDARD BOOK NUMBER |
| International Standard Book Number |
9781487503017 (v. 14 : cloth : acidfree paper) |
| 020 ## - INTERNATIONAL STANDARD BOOK NUMBER |
| International Standard Book Number |
9781487522247 (v. 14 : paper : acidfree paper) |
| 020 ## - INTERNATIONAL STANDARD BOOK NUMBER |
| International Standard Book Number |
9781487501648 (v. 16 : acidfree paper) |
| 020 ## - INTERNATIONAL STANDARD BOOK NUMBER |
| International Standard Book Number |
9781442643871 (v. 19) |
| 020 ## - INTERNATIONAL STANDARD BOOK NUMBER |
| International Standard Book Number |
9781442646308 (v. 23 : acidfree paper) |
| 020 ## - INTERNATIONAL STANDARD BOOK NUMBER |
| International Standard Book Number |
9781442646292 (v. 24 : acidfree paper) |
| 040 ## - CATALOGING SOURCE |
| Original cataloging agency |
DLC |
| Transcribing agency |
DLC |
| Modifying agency |
DLC |
| 050 00 - LIBRARY OF CONGRESS CALL NUMBER |
| Classification number |
B995 |
| Item number |
.L65 1988 |
| 082 00 - DEWEY DECIMAL CLASSIFICATION NUMBER |
| Classification number |
191 |
| Edition number |
20 |
| 300 ## - PHYSICAL DESCRIPTION |
| Dimensions |
25 cm. |
| 100 1# - MAIN ENTRY--PERSONAL NAME |
| Personal name |
Lonergan, Bernard J. F. |
| 9 (RLIN) |
48378 |
| 240 10 - UNIFORM TITLE |
| Uniform title |
<a href="Works.">Works.</a> |
| Date of a work |
1988 |
| 245 10 - TITLE STATEMENT |
| Title |
Collected works of Bernard Lonergan. |
| 260 ## - PUBLICATION, DISTRIBUTION, ETC. (IMPRINT) |
| Place of publication, distribution, etc |
Toronto : |
| Name of publisher, distributor, etc |
Published by University of Toronto Press for Lonergan Research Institute of Regis College, |
| Date of publication, distribution, etc |
c1988-<c2017> |
| 300 ## - PHYSICAL DESCRIPTION |
| Extent |
v. <1-8, 10-11, 13-24> ; |
| 504 ## - BIBLIOGRAPHY, ETC. NOTE |
| Bibliography, etc |
Includes bibliographical references and indexes. |
| 505 1# - FORMATTED CONTENTS NOTE |
| Formatted contents note |
v. 1. Grace and freedom : operative grace in the thought of St. Thomas Aquinas / edited by Frederick E. Crowe and Robert M. Doran -- v. 2. Verbum : word and idea in Aquinas / edited by Frederick E. Crowe and Robert M. Doran -- v. 3. Insight / edited by Frederick E. Crowe and Robert M. Doran. (5th ed., rev. and augm.) -- v. 4. Collection / edited by Frederick E. Crowe and Robert M. Doran. (2nd ed., rev. and augm.) -- v. 5. Understanding and being / edited by Elizabeth A. Morelli and Mark D. Morelli. (5th ed., rev. and augm.) -- v. 6. Philosophical and theological papers, 1958-1964 / edited by Robert C. Croken, Frederick E. Crowe, and Robert M. Doran -- v. 7. The ontological and psychological constitution of Christ / translated from the fourth edition of De constitutione Christi ontologica et psychologica by Michael G. Shields -- v. 8. The incarnate word / translated by Charles C. Hefling, Jr., edited by Robert M. Doran and Jeremy D. Wilkins -- v. 10. Topics in education / edited by Robert M. Doran and Frederick E. Crowe -- v. 11. The Triune God : doctrines / translated by from De Deo Trino : Pars dogmatica (1964) by Michael G. Shields ; edited by Robert M. Doran and H. Daniel Monsour -- v. 13. A second collection / Robert M. doran and John D. Dadosky -- v. 14. Method in theology / edited by Robert M. Doran and John D. Dadosky -- v. 15. Macroeconomic dynamics : an essay in circulation analysis / edited by Frederick G. Lawrence, Patrick H. Byrne, and Charles C. Hefling, Jr. -- v. 16. A third collection -- v. 17. Philosophical and theological papers, 1965-1980 / edited by Robert C. Croken and Robert M. Doran -- v. 18. Phenomenology and logic : the Boston College lectures on mathematical logic and existentialism / edited by Philip J. McShane -- v. 19. Early Latin theology -- v. 20. Shorter papers / edited by Robert C. Croken, Robert M. Doran, and H. Daniel Monsour -- v. 21. For a new political economy / edited by Philip J. McShane -- v. 22. Early works on theological method I / edited by Robert M. Doran andsnf Robert C. Croken -- v. 23. Early works on theological method 2 / edited by Robert M. Doran, and H. Daniel Monsour -- v. 24. Early works on theological method 3 / edited by Robert M. Doran, and H. Daniel Monsour |
| 610 20 - SUBJECT ADDED ENTRY--CORPORATE NAME |
| Corporate name or jurisdiction name as entry element |
Catholic Church |
| General subdivision |
Doctrines. |
| 9 (RLIN) |
48379 |
| 650 #0 - SUBJECT ADDED ENTRY--TOPICAL TERM |
| Topical term or geographic name as entry element |
Catholic Church |
| General subdivision |
Doctrines |
| 9 (RLIN) |
4786 |
| 650 #0 - SUBJECT ADDED ENTRY--TOPICAL TERM |
| Topical term or geographic name as entry element |
Philosophy |
| 9 (RLIN) |
48380 |
| 650 #0 - SUBJECT ADDED ENTRY--TOPICAL TERM |
| Topical term or geographic name as entry element |
Theology. |
| 9 (RLIN) |
48381 |
| 650 #0 - SUBJECT ADDED ENTRY--TOPICAL TERM |
| Topical term or geographic name as entry element |
Education |
| General subdivision |
Philosophy. |
| 9 (RLIN) |
48382 |
| 700 1# - ADDED ENTRY--PERSONAL NAME |
| Personal name |
Crowe, Frederick E. |
| 9 (RLIN) |
48383 |
| 700 1# - ADDED ENTRY--PERSONAL NAME |
| Personal name |
Doran, Robert M., |
| Dates associated with a name |
1939- |
| 9 (RLIN) |
48384 |
| 710 2# - ADDED ENTRY--CORPORATE NAME |
| Corporate name or jurisdiction name as entry element |
Lonergan Research Institute. |
| 9 (RLIN) |
48385 |
| 906 ## - LOCAL DATA ELEMENT F, LDF (RLIN) |
| a |
7 |
| b |
cbc |
| c |
orignew |
| d |
2 |
| e |
ncip |
| f |
19 |
| g |
y-gencatlg |
| 942 ## - ADDED ENTRY ELEMENTS (KOHA) |
| Source of classification or shelving scheme |
Library of Congress Classification |
| Koha item type |
Monograph ( Printed materials) |